| 000 | 00636nam a22001937a 4500 | ||
|---|---|---|---|
| 005 | 20251108163345.0 | ||
| 008 | 250721s1983 xx 000 0 ara d | ||
| 082 | 1 | 4 | _a9ر190/رسل |
| 100 | 1 | _aبرتراند، رسل | |
| 245 | 1 | 0 |
_aحكمة الغرب : _bعرض تاريخي للفلسفة الغربية في إطارها الإجتماعي والسياسي / |
| 264 | 1 |
_aالكويت : _bد.ن، _c1983. |
|
| 300 | _a2ج. | ||
| 490 | 0 | _aعالم المعرفة ؛ 62 | |
| 650 | 1 | 7 | _aالفلسفة الحديثة |
| 650 | 1 | 7 | _aالتاريخ |
| 700 | 1 |
_aزكريا، فؤاد _eترجمة |
|
| 942 |
_2ddc _cBK |
||
| 999 |
_c655 _d655 |
||